000 01333cam a22002771i 4500
003 SA-RiAUC
005 20250408055959.0
008 250407s1999 su g b f00000 ara c
020 _a9960292886
040 _aSA-RiAUC
_bara
_cSA-RiAUC
_erda
043 _aa-su---
082 0 4 _a016.253902
_qSA-RiAUC
090 _a016.253902
_b د ل ي
245 0 0 _aدليل الباحث إلى مصادر الأوقاف في مكتبات المملكة العربية السعودية /
_cجمع وترتيب عبد الرحمن بن محمد بن محمد البديع ؛ تقديم صالح بن عبد العزيز بن محمد آل الشيخ.
250 _aالطبعة الأولى.
264 1 _aالرياض :
_bوزارة الشؤون الإسلامية والأوقاف والدعوة والإرشاد،
_c1999
300 _a254 صفحة ؛
_c24 سم
336 _aنص
_btxt
_2rdacontent
_3كتاب
337 _aبدون وسيط
_bn
_2rdamedia
338 _aمجلد
_bnc
_2rdacarrier
650 7 _aالوقف
_vببليوجرافيات
_2aucsh
700 1 _aالبديع، عبد الرحمن بن محمد بن محمد،
_d1392 هجري-
_eجامع.
700 1 _aالشيخ، صالح بن عبد العزيز بن محمد
_d1378 هجري-
_eمقدم.
942 _2ddc
_cBOOK
_n0
949 _aSA-JeALM
_d250407
_uosman123
_n1
999 _c6753
_d6753